[Event "Klatovy op-A"]
[Site "Klatovy"]
[Date "2002.??.??"]
[Round "?"]
[White "Hercik, Josef"]
[Black "Blecha, Miroslav"]
[Result "1-0"]
[WhiteElo "1950"]
[BlackElo "2105"]
[PlyCount "53"]
[EventDate "2002.??.??"]
[EventType "swiss"]
[EventRounds "9"]
[EventCountry "CZE"]
[SourceTitle "EXT 2005"]
[Source "ChessBase"]
[SourceDate "2004.11.15"]
[SourceVersion "1"]
[SourceVersionDate "2004.11.15"]
[SourceQuality "1"]

1. e4 c5 2. g3 g6 3. Bg2 Bg7 4. f4 Nc6 5. c3 d6 6. d3 e5 7. Nh3 Nge7 8. 0-0 exf4 9. Bxf4 0-0 10. Na3 d5 11. Ng5 h6 12. Nf3 dxe4 13. dxe4 b6 14. Qc2 Ba6 15. Rfd1 Qc8 16. Rd2 g5 17. Bd6 Rd8 18. e5 Bb7 19. Nc4 Ng6 20. Re1 Qe6 21. b3 Rd7 22. Nxg5 hxg5 23. Bd5 Qe8 24. Qxg6 Ne7 25. Bxf7+ Qxf7 26. Qxf7+ Kxf7 27. e6+ 1-0

[Event "Klatovy op-A"]
[Site "Klatovy"]
[Date "2002.??.??"]
[Round "?"]
[White "Lexa, Vaclav"]
[Black "Hercik, Josef"]
[Result "0-1"]
[WhiteElo "1840"]
[BlackElo "1950"]
[PlyCount "78"]
[EventDate "2002.??.??"]
[EventType "swiss"]
[EventRounds "9"]
[EventCountry "CZE"]
[SourceTitle "EXT 2005"]
[Source "ChessBase"]
[SourceDate "2004.11.15"]
[SourceVersion "1"]
[SourceVersionDate "2004.11.15"]
[SourceQuality "1"]

1. d4 d5 2. c4 e6 3. Nc3 c5 4. cxd5 cxd4 5. Qxd4 Nc6 6. Qd1 exd5 7. e3 Nf6 8. Nf3 Bg4 9. Be2 Bb4 10. Bd2 0-0 11. 0-0 Re8 12. Nd4 Nxd4 13. Bxg4 Nc6 14. a3 Ba5 15. Bf3 d4 16. Bxc6 bxc6 17. exd4 Qxd4 18. Qc2 Bc7 19. g3 Ng4 20. Rad1 Bb6 21. Be1 Qc5 22. h3 Nf6 23. Qc1 Qh5 24. Kg2 Re5 25. Qf4 Rf5 26. g4 Rxf4 27. gxh5 Nxh5 28. f3 Rc4 29. Bg3 f5 30. Be5 Re8 31. Rfe1 f4 32. Bd6 Be3 33. h4 Re6 34. Bc7 Rg6+ 35. Kh2 Nf6 36. Rd8+ Kf7 37. Red1 Rg3 38. R8d3 Rxf3 39. Bxf4 Bxf4+ 0-1

[Event "Schneider Bohemia op"]
[Site "Plzen"]
[Date "2001.08.22"]
[Round "5"]
[White "Hercik, Josef"]
[Black "Havranek, Miroslav"]
[Result "0-1"]
[WhiteElo "2065"]
[BlackElo "2210"]
[PlyCount "45"]
[EventDate "2001.08.18"]
[EventType "swiss"]
[EventRounds "9"]
[EventCountry "CZE"]
[SourceTitle "EXT 2002"]
[Source "ChessBase"]
[SourceDate "2001.11.25"]
[SourceVersion "1"]
[SourceVersionDate "2001.11.25"]
[SourceQuality "1"]

1. e4 c5 2. f4 Nc6 3. g3 g6 4. Bg2 Bg7 5. c3 d6 6. Na3 e6 7. Qe2 Nge7 8. d3 Rb8 9. Be3 b5 10. Rc1 a5 11. Nh3 0-0 12. e5 dxe5 13. Bxc5 Re8 14. fxe5 Nxe5 15. d4 Nc4 16. Nxc4 bxc4 17. Rc2 e5 18. Qxc4 exd4 19. 0-0 Be6 20. Qa4 Nf5 21. Rd2 Ne3 22. Re1 Nxg2 23. Kxg2 0-1

[Event "Klatovy op-A"]
[Site "Klatovy"]
[Date "2001.??.??"]
[Round "?"]
[White "Hampek, Miroslav"]
[Black "Hercik, Josef"]
[Result "1-0"]
[WhiteElo "1900"]
[BlackElo "2065"]
[PlyCount "127"]
[EventDate "2001.07.??"]
[EventType "swiss"]
[EventRounds "9"]
[EventCountry "CZE"]
[SourceTitle "EXT 2006"]
[Source "ChessBase"]
[SourceDate "2005.11.24"]
[SourceVersion "1"]
[SourceVersionDate "2005.11.24"]
[SourceQuality "1"]

1. d4 d5 2. c4 e6 3. Nc3 c6 4. e3 Nf6 5. Nf3 Nbd7 6. Be2 Bd6 7. 0-0 0-0 8. Qc2 dxc4 9. Bxc4 b6 10. e4 e5 11. d5 c5 12. Bg5 a6 13. a4 h6 14. Bd2 Re8 15. Ne1 Qe7 16. f3 Nf8 17. Ne2 Ng6 18. g3 Bd7 19. Qd3 Bc8 20. b3 Qb7 21. Ng2 Bd7 22. Qc2 Rac8 23. Ne3 Re7 24. Rfc1 Rce8 25. Bd3 Bc8 26. Qb2 Rf8 27. Kg2 Nh7 28. Nf5 Bxf5 29. exf5 Nh8 30. Be4 Nf6 31. b4 Rb8 32. bxc5 bxc5 33. Qa2 Qb3 34. Rcb1 Qxa2 35. Rxb8+ Bxb8 36. Rxa2 Rb7 37. Bc3 g6 38. g4 gxf5 39. gxf5 Kf8 40. Rb2 Rxb2 41. Bxb2 Ke7 42. Bc1 Ng8 43. Bd3 a5 44. Nc3 f6 45. Ne4 Ba7 46. Ba3 Nf7 47. Nxc5 Bxc5 48. Bxc5+ Kd7 49. Bb6 Ne7 50. Be4 Nd6 51. Bxa5 Ndxf5 52. Bd2 h5 53. a5 Nd4 54. a6 Nc8 55. Bb4 f5 56. Bd3 Kc7 57. Bc5 Kb8 58. Bc4 h4 59. f4 h3+ 60. Kf2 Na7 61. fxe5 Ndb5 62. e6 Kc7 63. Bxb5 Nxb5 64. a7 1-0

[Event "Klatovy op-A"]
[Site "Klatovy"]
[Date "2000.??.??"]
[Round "?"]
[White "Cedikova, Katerina"]
[Black "Hercik, Josef"]
[Result "1/2-1/2"]
[WhiteElo "2140"]
[BlackElo "1950"]
[PlyCount "58"]
[EventDate "2000.??.??"]
[EventType "swiss"]
[EventRounds "9"]
[EventCountry "CZE"]
[SourceTitle "EXT 2003"]
[Source "ChessBase"]
[SourceDate "2002.11.25"]
[SourceVersion "1"]
[SourceVersionDate "2002.11.25"]
[SourceQuality "1"]

1. d4 d5 2. c4 e6 3. Nc3 c6 4. Nf3 Nf6 5. Bg5 Nbd7 6. Qc2 Be7 7. e3 h6 8. Bf4 Bb4 9. Bd3 Qa5 10. 0-0 Bxc3 11. bxc3 dxc4 12. Bxc4 Nd5 13. Bd6 Qxc3 14. Qe2 N7f6 15. Nd2 Qa5 16. e4 Nc3 17. Qd3 Na4 18. e5 Nd5 19. Qg3 g5 20. Ne4 Nac3 21. Qf3 Nxe4 22. Qxe4 Qd8 23. g3 Ne7 24. Rad1 Bd7 25. f3 Nf5 26. Bc5 b6 27. Ba3 b5 28. Bb3 a5 29. Bc5 a4 1/2-1/2

[Event "Schneider Bohemia op-A"]
[Site "Plzen"]
[Date "2000.??.??"]
[Round "?"]
[White "Hampek, Miroslav"]
[Black "Hercik, Josef"]
[Result "1-0"]
[WhiteElo "1835"]
[BlackElo "1950"]
[PlyCount "37"]
[EventDate "2000.??.??"]
[EventType "swiss"]
[EventRounds "9"]
[EventCountry "CZE"]
[SourceTitle "EXT 2003"]
[Source "ChessBase"]
[SourceDate "2002.11.25"]
[SourceVersion "1"]
[SourceVersionDate "2002.11.25"]
[SourceQuality "1"]

1. d4 f5 2. e4 fxe4 3. Nc3 Nf6 4. f3 exf3 5. Nxf3 e6 6. Bd3 Bb4 7. 0-0 Bxc3 8. bxc3 0-0 9. Bg5 Nc6 10. Ne5 Qe8 11. Ng4 Nxg4 12. Qxg4 Ne7 13. Bxe7 Qxe7 14. Qh5 Rxf1+ 15. Rxf1 g5 16. Bxh7+ Qxh7 17. Qe8+ Kg7 18. Qe7+ Kh8 19. Qf8+ 1-0

[Event "Schneider Bohemia op-A"]
[Site "Plzen"]
[Date "2000.??.??"]
[Round "?"]
[White "Hercik, Josef"]
[Black "Gritsch, Christoph"]
[Result "1/2-1/2"]
[WhiteElo "1950"]
[BlackElo "2155"]
[PlyCount "102"]
[EventDate "2000.??.??"]
[EventType "swiss"]
[EventRounds "9"]
[EventCountry "CZE"]
[SourceTitle "EXT 2003"]
[Source "ChessBase"]
[SourceDate "2002.11.25"]
[SourceVersion "1"]
[SourceVersionDate "2002.11.25"]
[SourceQuality "1"]

1. e4 c5 2. g3 g6 3. Bg2 Bg7 4. f4 e6 5. Qe2 Ne7 6. d3 Nbc6 7. c3 0-0 8. Be3 b6 9. Bf2 Bb7 10. Nf3 d5 11. e5 d4 12. c4 b5 13. cxb5 Qa5+ 14. Nbd2 Qxb5 15. 0-0 Na5 16. b3 Rab8 17. Ng5 Bxg2 18. Kxg2 Nd5 19. Nge4 Rfd8 20. Rac1 Nb7 21. Nc4 Nb6 22. h4 Qc6 23. h5 Nd5 24. hxg6 hxg6 25. Qf3 Rbc8 26. Ned6 Nxd6 27. Nxd6 Rxd6 28. exd6 Qxd6 29. Bg1 Qa6 30. Rc2 Nb4 31. Rd2 Qa5 32. Qb7 Re8 33. Rff2 Nd5 34. Kh3 Qb6 35. Qxb6 axb6 36. Rfe2 Bh6 37. Kg4 f5+ 38. Kf3 g5 39. Rh2 g4+ 40. Ke2 Kg7 41. Ke1 e5 42. Rde2 e4 43. dxe4 fxe4 44. Rh4 e3 45. Rxg4+ Kf8 46. Rg6 Bg7 47. Rd6 Nc3 48. Rh2 Ne4 49. Rd7 Nf6 50. Rd6 Ne4 51. Rd7 Nf6 1/2-1/2

[Event "Klatovy op-A"]
[Site "Klatovy"]
[Date "2000.??.??"]
[Round "?"]
[White "Hercik, Josef"]
[Black "Kovar, Vojtech"]
[Result "1/2-1/2"]
[WhiteElo "1950"]
[BlackElo "2105"]
[PlyCount "94"]
[EventDate "2000.??.??"]
[EventType "swiss"]
[EventRounds "9"]
[EventCountry "CZE"]
[SourceTitle "EXT 2003"]
[Source "ChessBase"]
[SourceDate "2002.11.25"]
[SourceVersion "1"]
[SourceVersionDate "2002.11.25"]
[SourceQuality "1"]

1. e4 e5 2. Nf3 Nc6 3. Bb5 d6 4. 0-0 g6 5. c3 Bg7 6. h3 Nge7 7. d4 0-0 8. Bg5 h6 9. Bh4 g5 10. Bg3 Ng6 11. Bxc6 bxc6 12. dxe5 dxe5 13. Qa4 Qf6 14. Nbd2 g4 15. hxg4 Bxg4 16. Nh2 Be2 17. Rfe1 Bb5 18. Qa5 Bd3 19. Qxc7 h5 20. Re3 Ba6 21. Qa5 Bc8 22. Nhf3 h4 23. Bh2 Be6 24. Qc5 Nf4 25. Bxf4 Qxf4 26. Rd3 Rad8 27. Rd6 Rxd6 28. Qxd6 Bf6 29. Qxc6 Kh7 30. Qc5 Rg8 31. Kf1 h3 32. gxh3 Bxh3+ 33. Ke2 Bg2 34. Qe3 Qg4 35. Kd3 Bxf3 36. Nxf3 Qd7+ 37. Kc2 Rd8 38. Rh1+ Kg8 39. b3 Bg7 40. Rg1 Kf8 41. Qc5+ Kg8 42. Qc4 Kf8 43. a4 Bf6 44. Kb2 Rc8 45. Qb5 Qc7 46. c4 Rb8 47. Qd5 Rd8 1/2-1/2

[Event "Klatovy op-A"]
[Site "Klatovy"]
[Date "2000.??.??"]
[Round "?"]
[White "Hercik, Josef"]
[Black "Nemec, Otakar"]
[Result "1-0"]
[WhiteElo "1950"]
[BlackElo "2005"]
[PlyCount "63"]
[EventDate "2000.??.??"]
[EventType "swiss"]
[EventRounds "9"]
[EventCountry "CZE"]
[SourceTitle "EXT 2003"]
[Source "ChessBase"]
[SourceDate "2002.11.25"]
[SourceVersion "1"]
[SourceVersionDate "2002.11.25"]
[SourceQuality "1"]

1. e4 c5 2. g3 g6 3. Bg2 Bg7 4. f4 Nc6 5. Nf3 e6 6. Qe2 Nge7 7. c3 0-0 8. 0-0 d5 9. d3 b6 10. Na3 Ba6 11. e5 h5 12. Nc2 Qc7 13. Be3 Rfd8 14. Bf2 c4 15. d4 Bb7 16. Ne3 b5 17. g4 hxg4 18. Nxg4 Nf5 19. Ng5 a5 20. Qf3 b4 21. h4 bxc3 22. bxc3 Rab8 23. Qh3 Nce7 24. h5 Bc8 25. Nf6+ Bxf6 26. exf6 Nc6 27. hxg6 fxg6 28. f7+ Kf8 29. Rae1 Ke7 30. Qh7 Rf8 31. Qxg6 Qd6 32. Qxf5 1-0

[Event "Klatovy op-A"]
[Site "Klatovy"]
[Date "2000.??.??"]
[Round "?"]
[White "Hercik, Josef"]
[Black "Rerabkova, Lucie"]
[Result "1-0"]
[WhiteElo "1950"]
[BlackElo "2015"]
[PlyCount "77"]
[EventDate "2000.??.??"]
[EventType "swiss"]
[EventRounds "9"]
[EventCountry "CZE"]
[SourceTitle "EXT 2003"]
[Source "ChessBase"]
[SourceDate "2002.11.25"]
[SourceVersion "1"]
[SourceVersionDate "2002.11.25"]
[SourceQuality "1"]

1. e4 c5 2. g3 Nc6 3. Bg2 g6 4. f4 Bg7 5. Nf3 e6 6. c3 Nge7 7. d3 0-0 8. Be3 b6 9. Na3 d5 10. e5 Nf5 11. Bf2 Bb7 12. Rc1 d4 13. g4 Nfe7 14. c4 Nb4 15. Qb3 Nec6 16. Nb5 f6 17. a3 Na5 18. Qd1 Nbc6 19. Nd6 fxe5 20. Nxb7 Nxb7 21. fxe5 Qc7 22. Bg3 Nbd8 23. 0-0 Nf7 24. Re1 Bh6 25. Rc2 Be3+ 26. Kh1 Rae8 27. Rce2 Ng5 28. Rxe3 dxe3 29. Nxg5 e2 30. Qxe2 Nd4 31. Qd2 Qg7 32. Ne4 Rb8 33. Nf6+ Kh8 34. Bf4 Qf7 35. Re3 b5 36. Rh3 bxc4 37. dxc4 Nb3 38. Qe1 Rbd8 39. Rxb3 1-0

[Event "Klatovy op-A"]
[Site "Klatovy"]
[Date "2000.??.??"]
[Round "?"]
[White "Janda, Jiri"]
[Black "Hercik, Josef"]
[Result "1-0"]
[WhiteElo "2070"]
[BlackElo "1950"]
[PlyCount "50"]
[EventDate "2000.??.??"]
[EventType "swiss"]
[EventRounds "9"]
[EventCountry "CZE"]
[SourceTitle "EXT 2003"]
[Source "ChessBase"]
[SourceDate "2002.11.25"]
[SourceVersion "1"]
[SourceVersionDate "2002.11.25"]
[SourceQuality "1"]

1. e4 e5 2. Nf3 Nc6 3. d4 exd4 4. c3 dxc3 5. Bc4 cxb2 6. Bxb2 Bb4+ 7. Nc3 d6 8. Qb3 Nh6 9. 0-0-0 Bg4 10. Nd5 a5 11. Bxg7 Bxf3 12. Nf6+ Qxf6 13. Bxf6 Bxd1 14. Rxd1 Rg8 15. e5 a4 16. Qh3 Rg6 17. Bd3 Rg4 18. Qxh6 Ra5 19. exd6 Rc5+ 20. Kb1 cxd6 21. Qe3+ Ne5 22. f4 Ba3 23. Be2 Rxg2 24. fxe5 Kf8 25. Qxa3 Rxe2 1-0

[Event "Schneider Bohemia op-A"]
[Site "Plzen"]
[Date "2000.??.??"]
[Round "?"]
[White "Juptner, Jan"]
[Black "Hercik, Josef"]
[Result "1/2-1/2"]
[WhiteElo "2170"]
[BlackElo "1950"]
[PlyCount "104"]
[EventDate "2000.??.??"]
[EventType "swiss"]
[EventRounds "9"]
[EventCountry "CZE"]
[SourceTitle "EXT 2003"]
[Source "ChessBase"]
[SourceDate "2002.11.25"]
[SourceVersion "1"]
[SourceVersionDate "2002.11.25"]
[SourceQuality "1"]

1. d4 d5 2. c4 c6 3. Nf3 e6 4. Nc3 dxc4 5. a4 Bb4 6. Bd2 Nf6 7. g3 a5 8. e3 b5 9. axb5 Bxc3 10. bxc3 cxb5 11. Qb1 Ba6 12. Bg2 Nbd7 13. 0-0 Rb8 14. e4 Qb6 15. Qa2 Nxe4 16. Qxa5 Nxd2 17. Nxd2 Bb7 18. Qxb6 Nxb6 19. Bxb7 Rxb7 20. Rfb1 Nc8 21. Ra8 0-0 22. Nxc4 Rc7 23. Na3 Rxc3 24. Ra6 Nd6 25. Rxd6 Rxa3 26. Rxb5 Raa8 27. Rd7 Rad8 28. Rbb7 Rxd7 29. Rxd7 Rc8 30. Kg2 Kf8 31. Kf3 Ke8 32. Ra7 Rd8 33. Ke4 Rd5 34. g4 g6 35. Ra8+ Ke7 36. Ra7+ Kf6 37. f4 h6 38. Rc7 Ra5 39. h4 h5 40. g5+ Kg7 41. Rc3 Rf5 42. Rc5 f6 43. Rc7+ Kf8 44. Rc5 fxg5 45. fxg5 Ke7 46. Rc7+ Kf8 47. Ra7 Rd5 48. Rc7 Rf5 49. Rc3 Ke7 50. Rf3 Kd6 51. Ra3 Ke7 52. Ra7+ Kf8 1/2-1/2

[Event "Klatovy op-A"]
[Site "Klatovy"]
[Date "2000.??.??"]
[Round "?"]
[White "Polak, Benedikt"]
[Black "Hercik, Josef"]
[Result "1/2-1/2"]
[WhiteElo "2005"]
[BlackElo "1950"]
[PlyCount "21"]
[EventDate "2000.??.??"]
[EventType "swiss"]
[EventRounds "9"]
[EventCountry "CZE"]
[SourceTitle "EXT 2003"]
[Source "ChessBase"]
[SourceDate "2002.11.25"]
[SourceVersion "1"]
[SourceVersionDate "2002.11.25"]
[SourceQuality "1"]

1. d4 d5 2. Nf3 Nd7 3. g3 e6 4. Bg2 c5 5. c4 dxc4 6. 0-0 Nb6 7. e3 Nf6 8. Qe2 Qc7 9. Bd2 Bd7 10. Nc3 Be7 11. Ne5 1/2-1/2

[Event "Plzen op-C U18"]
[Site "Plzen"]
[Date "1998.??.??"]
[Round "4"]
[White "Spal, Milan"]
[Black "Hercik, Josef"]
[Result "1-0"]
[WhiteElo "2160"]
[BlackElo "1870"]
[PlyCount "61"]
[EventDate "1998.08.??"]
[EventType "swiss"]
[EventRounds "9"]
[EventCountry "CZE"]
[SourceTitle "EXT 2000"]
[Source "ChessBase"]
[SourceDate "1999.11.16"]
[SourceVersion "1"]
[SourceVersionDate "1999.11.16"]
[SourceQuality "1"]

1. e4 e5 2. Nf3 Nc6 3. Nc3 Nf6 4. d4 exd4 5. Nxd4 Bb4 6. Nxc6 bxc6 7. Bd3 0-0 8. 0-0 Bxc3 9. bxc3 h6 10. e5 Nd5 11. c4 Nb4 12. Be4 f5 13. Bf3 Qh4 14. Ba3 Qxc4 15. Qd2 Rb8 16. c3 Qd3 17. Qxd3 Nxd3 18. Bxf8 Nxe5 19. Rfb1 Ra8 20. Bc5 d6 21. Bxa7 Nxf3+ 22. gxf3 c5 23. Rb8 Rxa7 24. Rxc8+ Kh7 25. a4 Kg6 26. a5 Kg5 27. a6 Kf4 28. Kg2 d5 29. Rb8 d4 30. cxd4 cxd4 31. Rb7 1-0

[Event "Klatovy op-A"]
[Site "Klatovy"]
[Date "1997.??.??"]
[Round "?"]
[White "Hercik, Josef"]
[Black "Brom, Jiri"]
[Result "1-0"]
[WhiteElo "1890"]
[BlackElo "2035"]
[PlyCount "41"]
[EventDate "1997.??.??"]
[EventType "swiss"]
[EventRounds "9"]
[EventCountry "CZE"]
[SourceTitle "EXT 1998"]
[Source "ChessBase"]
[SourceDate "1997.11.17"]
[SourceVersion "1"]
[SourceVersionDate "1997.11.17"]
[SourceQuality "1"]

1. e4 e5 2. Nf3 Nc6 3. Bb5 a6 4. Ba4 Nf6 5. 0-0 Be7 6. c3 d6 7. Re1 b5 8. Bb3 0-0 9. h3 Na5 10. Bc2 c5 11. d4 cxd4 12. cxd4 Bb7 13. d5 Rc8 14. b3 Qc7 15. Bd3 Bxd5 16. exd5 e4 17. Bd2 Nb7 18. Bxe4 Nxe4 19. Rxe4 Bf6 20. Na3 Qc5 21. Bb4 1-0

[Event "Plzen KB op-C U18"]
[Site "Plzen"]
[Date "1997.??.??"]
[Round "2"]
[White "Hercik, Josef"]
[Black "Rybak, Milan"]
[Result "0-1"]
[WhiteElo "1890"]
[BlackElo "2280"]
[PlyCount "64"]
[EventDate "1997.??.??"]
[EventType "swiss"]
[EventRounds "9"]
[EventCountry "CZE"]
[SourceTitle "EXT 1998"]
[Source "ChessBase"]
[SourceDate "1997.11.17"]
[SourceVersion "1"]
[SourceVersionDate "1997.11.17"]
[SourceQuality "1"]

1. e4 e5 2. Nf3 Nc6 3. Bb5 f5 4. Qe2 fxe4 5. Bxc6 dxc6 6. Qxe4 Bd6 7. d3 Nf6 8. Qh4 0-0 9. Qc4+ Kh8 10. Bg5 Qe8 11. Bxf6 Rxf6 12. Nbd2 Be6 13. Qc3 a5 14. 0-0 Qh5 15. Rae1 Rg6 16. Re4 Bh3 17. Nh4 Rxg2+ 18. Kh1 Rg4 19. Rxg4 Qxg4 20. Qc4 Qxc4 21. dxc4 Bxf1 22. Nxf1 Rf8 23. Kg2 Bc5 24. Ne3 Bxe3 25. fxe3 Rd8 26. Nf3 e4 27. Nd4 c5 28. Nb3 b6 29. a4 Rd1 30. Kg3 Rb1 31. Nd2 Rxb2 32. Nxe4 Rxc2 0-1